• 首页
  • 本馆介绍
  • 公告通知
  • 最新文献
  • 馆藏检索
  • 电子资源
  • 读者导购
  • 参考咨询
  • 我的图书馆
  • 登录
  • 详细信息显示
  • 放入我的书架
  • 预约/预借图书
  • 作者相关作品
  • 分类相关作品
  • 丛书相关作品
  • 出版社相关作品

书目信息

  • 表格格式
  • 工作单格式
  • 卡片格式
题名:
通信明线技术问答
    
 
作者: 杨正文 编著
分册:  
出版信息: 北京   人民邮电出版社  1983
页数: 222页
开本: 19cm
丛书名:
单 册:
中图分类: TN913.31
科图分类:
主题词: 通信线路:架空明线--问答 , 架空明线:通信线路--问答
电子资源:
ISBN:
000 00705nam0 2200253 45
001 0183005136
005 20040915151244.2
010    @dCNY0.75
091    @a15045.总2732-有5303
100    @a19950522d1983 em y0chiy0121 ea
101 0  @achi
102    @aCN@b110000
105    @ay z 000yy
106    @ar
200 10 @a通信明线技术问答@Atong xin ming xian ji shu wen da@f杨正文编著
210    @a北京@c人民邮电出版社@d1983
215    @a222页@d19cm
606    @a通信线路:架空明线@x问答
606    @a架空明线:通信线路@x问答
690    @aTN913.31@v3 
701  0 @a杨正文@Ayang zheng wen@4编著
801  0 @aCN@b上海图书馆@c20040517
801  2 @aCN@bNLC@c20040517
905    @dTN913.31@e12@f1@b93796
    
    通信明线技术问答/杨正文编著.-北京:人民邮电出版社,1983
    222页;19cm
    
    
    ISBN :CNY0.75
    
●
相关链接 在E读中查询图书 在五车中查询图书 在当当中查询图书 在豆瓣中查询图书


正题名:通信明线技术问答     索取号:TN913.31/12         预约/预借

序号 登录号 条形码 馆藏地/架位号 状态 备注
1 0093795   001323712   第三借阅区/ [索取号:TN913.31/12] 在馆    
2 0093796   001957804   密集书库/ [索取号:TN913.31/12] 在馆    
3 0093797   001323703   第二样本阅览室/ [索取号:TN913.31/12] 在馆    
唐山师范学院图书馆 欢迎您!
大连网信软件有限公司© 版权所有